What the citizen should know about the navy /

Bibliographic Details
Main Author: Baldwin, Hanson Weightman, 1903-1991
Format: Book
Language:English
Published: New York : W.W. Norton & Company, Inc., [1941]
Subjects:

MARC

Tag First Indicator Second Indicator Subfields
LEADER 00000cam a2200000 4500
001 in00000055092
005 20151008052151.0
008 751007s1941 nyu b 00000 eng u
010 |a  41051649  
035 |a (OCoLC)01681878 
035 |9 AAH2011AM 
040 |c TLM  |d TXA  |d UtOrBLW 
049 |a TXAM  |c [100585] 
050 0 0 |a VA55  |b .B28 
082 0 |a 359.0973 
092 |a 359.0973  |b B181w 
100 1 |a Baldwin, Hanson Weightman,  |d 1903-1991. 
245 1 0 |a What the citizen should know about the navy /  |c [by] Hanson W. Baldwin; illustrations by Andre Jandot. 
264 1 |a New York :  |b W.W. Norton & Company, Inc.,  |c [1941] 
264 4 |c [©1941] 
300 |a 219 pages :  |b illustrations, diagrams ;  |c 21 cm. 
336 |a text  |b txt  |2 rdacontent 
337 |a unmediated  |b n  |2 rdamedia 
338 |a volume  |b nc  |2 rdacarrier 
500 |a "First edition." 
504 |a "Naval bibliography": pages 211-214. 
610 2 0 |a United States.  |b Navy. 
999 |a MARS 
999 f f |s 737491bc-5b03-3fdb-9d01-11f528b8473c  |i c6ce3cd4-826d-374f-8617-8107103c06c0  |t 0 
952 f f |p ric  |a Texas A&M University  |b Rellis Campus  |c Joint Library Facility  |s JLF  |d Remote Storage  |t 0  |e VA55 .B28  |h Library of Congress classification  |i unmediated -- volume  |m A14800807661 
998 f f |a VA55 .B28  |t 0  |l Remote Storage